[Event "Avoine op 30th"]
[Site "Avoine"]
[Date "2015.07.18"]
[Round "1"]
[White "Folacci, Maxime"]
[Black "Filip, Lucian Ioan"]
[Result "0-1"]
[WhiteElo "2045"]
[BlackElo "2419"]
[PlyCount "68"]
[EventDate "2015.07.18"]
[EventType "swiss"]
[EventRounds "9"]
[EventCountry "FRA"]
[SourceTitle "EXT 2016"]
[Source "ChessBase"]
[SourceDate "2015.10.08"]
[SourceVersion "1"]
[SourceVersionDate "2015.10.08"]
[SourceQuality "1"]

1. d4 Nf6 2. c4 c5 3. e3 g6 4. Nf3 Bg7 5. Nc3 0-0 6. Be2 d6 7. Qc2 Nc6 8. dxc5 dxc5 9. 0-0 Bf5 10. e4 Bg4 11. Be3 Bxf3 12. Bxf3 Nd7 13. Rad1 Nd4 14. Qd2 Nxf3+ 15. gxf3 Ne5 16. Qxd8 Rfxd8 17. Bxc5 e6 18. Rxd8+ Rxd8 19. Rd1 Rxd1+ 20. Nxd1 b6 21. Be3 Nxc4 22. b3 Ne5 23. Kg2 Kf8 24. Bd4 Nd3 25. Bxg7+ Kxg7 26. Kf1 Kf6 27. Nc3 Ke5 28. Ke2 Nb4 29. Ke3 g5 30. h4 f6 31. f4+ gxf4+ 32. Kf3 h5 33. Nb5 Nc6 34. Na3 Nd4+ 0-1

[Event "Montpellier op 12th"]
[Site "Montpellier"]
[Date "2005.07.08"]
[Round "6"]
[White "Folacci, Maxime"]
[Black "Inkiov, Ventzislav"]
[Result "0-1"]
[WhiteElo "2067"]
[BlackElo "2472"]
[PlyCount "56"]
[EventDate "2005.07.03"]
[EventType "swiss"]
[EventRounds "9"]
[EventCountry "FRA"]
[SourceTitle "EXT 2006"]
[Source "ChessBase"]
[SourceDate "2005.11.24"]
[SourceVersion "1"]
[SourceVersionDate "2005.11.24"]
[SourceQuality "1"]

1. e4 c5 2. a3 e6 3. b4 Nf6 4. e5 Nd5 5. c4 Nc7 6. bxc5 Bxc5 7. d4 Be7 8. Qg4 Kf8 9. Nf3 d6 10. Bg5 Nc6 11. Bxe7+ Qxe7 12. Qf4 dxe5 13. dxe5 Na6 14. Nc3 Nc5 15. Be2 h6 16. h4 b6 17. h5 Bb7 18. 0-0 Kg8 19. Bd1 Na5 20. Bc2 Rc8 21. Nb5 Bxf3 22. Qxf3 Nxc4 23. Qc3 Nd7 24. Nd6 Nxd6 25. exd6 Qd8 26. Qd2 Rc5 27. Bb3 Rxh5 28. f4 Nc5 0-1

[Event "Montpellier op 12th"]
[Site "Montpellier"]
[Date "2005.07.05"]
[Round "3"]
[White "Dimitrov, Christo"]
[Black "Folacci, Maxime"]
[Result "0-1"]
[WhiteElo "2270"]
[BlackElo "2067"]
[PlyCount "50"]
[EventDate "2005.07.03"]
[EventType "swiss"]
[EventRounds "9"]
[EventCountry "FRA"]
[SourceTitle "EXT 2006"]
[Source "ChessBase"]
[SourceDate "2005.11.24"]
[SourceVersion "1"]
[SourceVersionDate "2005.11.24"]
[SourceQuality "1"]

1. e4 c5 2. Nc3 Nc6 3. f4 g6 4. Nf3 Bg7 5. Bb5 Nd4 6. Bd3 d6 7. Nxd4 cxd4 8. Ne2 Nf6 9. 0-0 0-0 10. c3 dxc3 11. bxc3 b6 12. Bc2 Bb7 13. Ng3 h5 14. e5 dxe5 15. fxe5 Nd5 16. e6 f5 17. Ba3 h4 18. Nxf5 gxf5 19. Bxf5 Nf6 20. d4 Qd5 21. Bh3 Rae8 22. Rf4 Ne4 23. Rf7 Rxf7 24. exf7+ Qxf7 25. Qa4 Rf8 0-1